000 00526nam a2200205Ia 4500
005 20251122101314.0
008 230125s9999 xx 000 0 und d
020 _a978-81-8495-190-5
041 _aeng
082 _a158.1
_bABD
100 _aAbdulrahman K
245 _aBook on What Ever You're into
260 _c2011
_bJaico Publishing House
_aMumbai
300 _a230p
500 _aPersonality Development
650 _aPersonality Development
_9213420
700 _aAbdulrahman K
906 _b62
942 _cBK
999 _c93199
_d93199